000 00373nam a22001337a 4500
020 _a9789692356008
040 _cNUST
082 _a920
_bIQB
100 _aIqbal, Manzoor
_9133088
245 _aFootsteps Of a Wandering Soul /
_cProf Manzoor Iqbal Awan
260 _aIslamabad,Pakistan :
_bPrint X Pvt Ltd,
_c2021.
300 _a554p; .
_bHardcopy,
_c23cm.
942 _2ddc
_cBK
999 _c616082
_d616082